Too Many Nights - Metro Boomin feat. Don Toliver, Future (Full lyrics) - Statistics

General Stats
  • This quiz has been taken 19 times
  • The average score is 264 of 441
Answer Stats
Lyrics % Correct
a
100%
I
100%
the
100%
The
100%
bitch
94%
bitch—
94%
C
94%
in
94%
it
94%
It
94%
Oh,
94%
Ooh-ooh,
94%
ooh-ooh
94%
Ooh-ooh
94%
When
94%
win
94%
be
88%
get
88%
got
88%
Keep
88%
keep
88%
loose,
88%
she
88%
She
88%
beat
82%
for
82%
forty
82%
tryna
82%
by
76%
cool,
76%
house,
76%
ju-u-ump,
76%
ju-u-ump
76%
let
76%
ten
76%
her
71%
call
65%
couch,
65%
There's
65%
to
65%
all
59%
and
59%
better
59%
It's
59%
it's
59%
many
59%
nights
59%
nights,
59%
on
59%
spend
59%
too
59%
Too
59%
you
59%
You
59%
caught
53%
famous
53%
like
53%
me
53%
nameless
53%
of
53%
out,
53%
out
53%
popped
53%
twin
53%
went
53%
brainless
47%
done
47%
nigga,
47%
notes
47%
notes,
47%
that
47%
that,
47%
car's
41%
club
41%
dru-u-unk
41%
guess
41%
heat
41%
I'm
41%
just
41%
put
41%
see
41%
strip
41%
stroke
41%
tall
41%
want
41%
want,
41%
wanted
41%
what
41%
your
41%
back
35%
called
35%
can't
35%
Feel
35%
give
35%
hit
35%
hittin'
35%
honest
35%
hundred
35%
keepin'
35%
made
35%
money,
35%
money
35%
Money
35%
peephole
35%
raw
35%
ride
35%
shawty
35%
spent
35%
talkin'
35%
through
35%
"Uh-uh-uh-uh"
35%
with
35%
ain't
29%
bae
29%
Bottega
29%
'bout
29%
comin'
29%
down
29%
fast,
29%
free
29%
hot
29%
if
29%
Knowin'
29%
lit,
29%
Need
29%
need
29%
pole
29%
proud
29%
Sayin',
29%
slow
29%
You're
29%
you're
29%
Ask
24%
askin'
24%
been
24%
could
24%
crash
24%
dashboard
24%
different
24%
fall
24%
From
24%
from
24%
Let's
24%
lurkin'
24%
my
24%
Now,
24%
Now
24%
off
24%
okay
24%
parties
24%
passport
24%
past,
24%
really
24%
runnin'
24%
spazzed
24%
stackin'
24%
type
24%
Veneta
24%
whenever
24%
buyin'
18%
cash
18%
Clicquot
18%
foreigns,
18%
Lil'
18%
throw
18%
rappin',
12%
studio
12%
trappin'
12%
two-
12%
Pack
6%
Stampin'
6%
No matching quizzes found
Score Distribution
Percent of People with Each Score
Percentile by Number Answered
Your Score History
You have not taken this quiz